000 00470nam a22001937a 4500
003 MPLRDC
005 20220104144500.0
008 210129b ||||| |||| 00| 0 eng d
020 _a7-80607-687-5
082 _a493.3 JL
100 _a金琳、李阳编著
245 _a合同写作
_c
250 _a一版一刷
260 _a
_b珠海出版社
_c2000
300 _b
490 _a现代实用文体规范书系
650 _a合同
942 _cBK
_o493.3 JL
999 _c50040
_d50030